000 02256nam0a2200313 i 4500
001 RU\NLR\BIBL_A\010461571
005 20241114175903.0
010 _a9785796417140
_9100
021 _aRU
_b2014-49636
_93000
035 _a(NILC)RuMoRGB-007519441
035 _a(NLR Aleph) 010461571
090 _a9978977
_c9978977
100 _a20140912d2014 u y0rusy50 ca
101 0 _arus
102 _aRU
105 _aa|||j|||000yy
200 1 _aОрганизация и технология восстановления автомобилей LADA, поврежденных в ДТП
_eучебное пособие
_e[для студентов и бакалавров специальности 190600 для изучения дисциплин "Технология и организация фирменного обслуживания автомобилей", "Системы, технологии и организация услуг на предприятиях автосервиса", "Техническое обслуживание и текущий ремонт кузовов автомобилей"]
_fВ. В. Савельев
_gМ-во образования и науки Рос. Федерации, Федер. гос. бюджет. образоват. учреждение высш. проф. образования "Самарский гос. техн. ун-т", Каф. "Техн. эксплуатация и ремонт трансп. средств"
210 _aСамара
_cСамарский государственный технический университет
_d2014
215 _a208 с.
_cил.
_d21
320 _aБиблиогр.: с. 173-175 (38 назв.)
606 _a"Лада", легковые автомобили
_jУчебные издания для высших учебных заведений
_xРемонт
_92118306
_3RU\NLR\AUTH\661279449
686 1 _aО335.52-083я73-1
700 1 _aСавельев
_bВ. В.
_cканд. техн. наук, автомобили
_gВладимир Викторович
_9128564
_3RU\NLR\AUTH\770128595
801 0 _aRU
_bРГБ
_c20140711
_gRCR
801 1 _aRU
_bРГБ
_c20140711
_2rusmarc
942 _cBOOK
980 _aNBR